000 00534nam a2200217Ia 4500
003 OSt
005 20220928135537.0
006 a|||||r|||| 00| 0
007 ta
008 220927b |||||||| |||| 00| 0 eng d
024 _a2957
037 _cTextual
040 _aSDCL
_cSDCL
_beng
041 _2eng
_aeng
082 _aO-,1L70:g, K9
100 _aDurrant Geoffrey
_9491363
245 0 _aWilliam Wordsworth
260 _c1969
942 _hO-,1L70:g, K9
_cTEXL
_2CC
999 _c806753
_d806753